Tropical rainforest : a world survey of our most valuable and endangered habitat with a blueprint for its survival

Bibliographic Details
Main Author: NEWMAN 1941-
Format: Book
Published: New York : Facts on File , 1990
Subjects:

MARC

LEADER 00000cam a2200000 7i4500
001 0000002298
005 20030523.0
020 0 0 |a 0816019444 
090 0 0 |a R333.7513   |b NEW 1990 
100 1 0 |a NEWMAN   |h Arnold   |c 1941- 
245 1 0 |a Tropical rainforest :   |b a world survey of our most valuable and endangered habitat with a blueprint for its survival   |c Arnold Newman; foreword by Mildred E. Mathias 
260 0 0 |a New York :   |b Facts on File ,   |c 1990 
300 |a 256 p. :   |b col. ill. ;   |c 31 cm. 
500 0 0 |a Includes bibliographical references (p. 245-250) and index 
650 0 0 |a Rain forest ecology 
650 0 0 |a Rain forests 
998 |a JPSM 
999 |a 0000004159   |b Monograph   |c Reference   |e Default branch